00462nam a2200157 4500003000400000008004100004020001800045050002300063100001500086245006300101260001900164300003000183504003400213650002500247650003200272OSt230705b |||||||| |||| 00| 0 eng d a9789966139832 aHD7261 b.M84 2020 aMugo Mary  aHow to Thrive and influence your workplace/cDr. Mary Mugo cApril 15, 2020 aix, 128p. :bill. ;c21cm aIncludes Bibliographical Ref. aBusiness Environment aThrive influencexworkplace